00838nam a2200229 a 450000100060000000300080000600500170001400800410003103500190007204000410009104100080013208200180014010000500015824500720020826000450028030000340032550400480035965000310040794200120043899900170045095201410046735907BD-RjUL20211209052411.0140611s1966 enka b 001 0 eng d a(BD-RjUL036003 aOUNdEQOdEQOdBD-RjULcBD-RjULbeng aeng a320bWIP 19661 aWiseman, H. Victorq(Herbert Victor).910933510aPolitical systems :bsome sociological approaches /cH. V. Wiseman. aLondon :bRoutledge & Kegan Paul,c1966. aix, 254 p. :bills. ;c23 cm. aBibliography: p. 249-252. - Includes index. 0aPolitical science.9109336 2ddccBK c35907d35907 00102ddc40718NFICaRUCLbRUCLcReadingd1969-02-08eRoyal Book co,g22.50l0o320 WIP 1966r2014-06-11 00:00:00tC-1w2014-06-11yBK